000 00620nam a2200229Ia 4500
003 OSt
005 20221007064143.0
006 a|||||r|||| 00| 0
007 ta
008 221006b |||||||| |||| 00| 0 eng d
024 _a13,630
037 _cTextual
040 _aFLL
_cFLL
_beng
041 _2eng
_aeng
082 _aV73:23:9Z, L2
100 _aFolsom G.B. Au.
_9685376
245 0 _aLegislative history
260 _aCharlottesville
_bUniversity press of virginia U.S.A.
_c1972
300 _a136p
_ccm.
942 _hV73:23:9Z, L2
_cTEXL
_2CC
999 _c1133133
_d1133133